00658nam a2200205Ia 450000100060000000800390000602000210004508200110006610000210007724500630009825000110016126000270017230000180019965300130021765300250023065300190025594200120027495201490028699900170043566191231101n ii |||gr||||Z||||||asm a978-9381-069-882 a891.41 aBora, Jayashree. 0aShubhadinar ApekkhatcBy Jayashree BorahTextual Documents aFirst. aAssambBanalatac2013. a238pg:c23cm. aAssamese aShubhadinar Apekkhat aG-Gift Section 2ddccBK 001040708General aSKBLbSKBLcGift Sectiond2023-11-01f00000g100.00l0o891.41 Bo 23 Sap6791/giftr2024-01-14 00:00:00t1w2023-11-01yBK c67284d67284